000 00586nam a22002297a 4500
003 UA-OsUOA
001 96192
007 ta
008 20130318b un ||||| |||| 00| 0 ukr d
100 _aКоптєлов П.
090 _a821.161.1
_bК65
942 _cBK
040 _aUA-OsUOA
_bukr
_cUA-OsUOA
_dUA-OsUOA
245 _aТочка опори
_bроман
300 _a346 с.
955 _a3
041 _aukr
080 _a821.161.1
260 _aК.
_bДніпро
_c1976
650 7 _a82 Література. Літературознавство
_2UDC
999 _c382439
_d382439